Loading...
Snow drops
| Main Author: | |
|---|---|
| Format: | Printed Book |
| Language: | English |
| Published: |
London
Atlantic books
2011
|
| Subjects: |
| LEADER | 00530 a2200169 4500 | ||
|---|---|---|---|
| 005 | 20151026133100.0 | ||
| 008 | 120112t xxu||||| |||| 00| 0 eng d | ||
| 080 | |a F |b MILL | ||
| 100 | |a Miller, A.D. |9 18826 | ||
| 245 | |a Snow drops | ||
| 300 | |a 273p. | ||
| 653 | |a Fiction - English literature | ||
| 942 | |c BK |6 _ | ||
| 260 | |a London |b Atlantic books |c 2011 |9 18827 | ||
| 020 | |a 9780857895806 | ||
| 999 | |c 62825 |d 62825 | ||
| 952 | |0 0 |1 0 |2 udc |4 0 |6 F_MILL |7 0 |9 75333 |a UL |b UL |c GEN |d 2012-01-12 |l 3 |o F MILL |p 00066467 |r 2015-09-14 |s 2015-09-14 |w 2012-01-12 |y BK | ||